|
|
|
|
| LEADER |
00831nam a2200205 a 4500 |
| 001 |
000608380 |
| 003 |
CZ BrMZK |
| 005 |
20061121070236.0 |
| 008 |
020627s1983 xr f cze d |
| 040 |
|
|
|a BOA001
|b cze
|c BOA002
|
| 245 |
0 |
0 |
|a [Studijní směr] 07-01-4 Textilní průmysl :
|b prozatímní učeb. dokumenty stud. směru pro pracující, kteří vykonali závěrečnou učňov. zkoušku
|
| 250 |
|
|
|a 2. vyd.
|
| 260 |
|
|
|a Praha :
|b Státní pedagogické nakladatelství,
|c 1983
|
| 300 |
|
|
|a 95 s.
|
| 500 |
|
|
|a Rozmnoženo
|
| 710 |
2 |
|
|a Výzkumný ústav odborného školství
|7 kn20010710666
|4 aut
|
| 910 |
|
|
|a BOA001
|b PK-N-0018.617-83
|
| 964 |
|
|
|a Průmysl textilní - osnovy - školy učňovské s maturitou
|
| 990 |
|
|
|a BK
|
| 996 |
7 |
|
|b 3119654505
|c PK-N-0018.617-83
|l MZK
|r Sklad / do 1 hodiny
|n 0
|w 000608380
|u 000010
|a 1
|e BOA001
|j MZK50
|s A
|